[Event "V4 OPEN - International Championship of Slovakia 2
[Site "Banska Stiavnica"]
[Date "2013.07.06"]
[Round "1"]
[Board "11"]
[White "Dowgird, Filip"]
[Black "Nagy, Gabor"]
[Result "0-1"]
[WhiteElo "2154"]
[BlackElo "2449"]
[PlyCount "0"]
[EventDate "2013.07.06"]
[EventRounds "9"]
[EventCountry "SVK"]

1. Nf3 {[%clk 1:30:58]} Nf6 {[%clk 1:30:15]} 2. g3 {[%clk 1:31:22]} d5
{[%clk 1:30:05]} 3. Bg2 {[%clk 1:31:43]} Bf5 {[%clk 1:29:20]} 4. O-O
{[%clk 1:31:59]} e6 {[%clk 1:28:36]} 5. d3 {[%clk 1:30:54]} h6 {[%clk 1:27:13]}
6. c4 {[%clk 1:24:43]} Nbd7 {[%clk 1:23:51]} 7. Nc3 {[%clk 1:23:55]} Bh7
{[%clk 1:21:48]} 8. cxd5 {[%clk 1:19:23]} exd5 {[%clk 1:21:25]} 9. Bf4
{[%clk 1:19:32]} c6 {[%clk 1:15:46]} 10. Rb1 {[%clk 1:17:07]} Be7
{[%clk 1:14:46]} 11. b4 {[%clk 1:15:17]} O-O {[%clk 1:13:36]} 12. b5
{[%clk 1:11:18]} c5 {[%clk 1:13:05]} 13. Rb2 {[%clk 1:09:39]} d4 {[%clk 1:12:25]}
14. Nb1 {[%clk 1:10:02]} Nd5 {[%clk 1:11:50]} 15. Bd2 {[%clk 1:08:28]} N7b6
{[%clk 1:11:43]} 16. a4 {[%clk 0:58:05]} Bf6 {[%clk 1:09:18]} 17. Ra2
{[%clk 0:51:50]} a6 {[%clk 1:06:05]} 18. a5 {[%clk 0:40:02]} axb5
{[%clk 1:05:10]} 19. Qb3 {[%clk 0:39:17]} c4 {[%clk 1:03:07]} 20. Qxb5
{[%clk 0:39:41]} cxd3 {[%clk 1:00:39]} 21. exd3 {[%clk 0:39:58]} Nc3
{[%clk 0:59:49]} 22. Bxc3 {[%clk 0:40:02]} dxc3 {[%clk 1:00:10]} 23. Ne1
{[%clk 0:36:32]} Nc8 {[%clk 0:57:34]} 24. Qb4 {[%clk 0:34:56]} Qd6
{[%clk 0:56:00]} 25. Qb5 {[%clk 0:33:48]} Qe6 {[%clk 0:53:23]} 26. Bd5
{[%clk 0:30:12]} Nd6 {[%clk 0:52:49]} 27. Qb3 {[%clk 0:30:41]} Qe5
{[%clk 0:52:07]} 28. Nf3 {[%clk 0:28:51]} Qh5 {[%clk 0:52:19]} 29. Rc1
{[%clk 0:27:27]} Rac8 {[%clk 0:49:20]} 30. Ne1 {[%clk 0:23:19]} Rc5
{[%clk 0:47:55]} 31. Bf3 {[%clk 0:22:14]} Qg5 {[%clk 0:48:08]} 32. Rac2
{[%clk 0:21:37]} Nb5 {[%clk 0:48:19]} 33. Nxc3 {[%clk 0:21:03]} Rxc3
{[%clk 0:47:42]} 34. Rxc3 {[%clk 0:21:21]} Nxc3 {[%clk 0:48:03]} 35. Rxc3
{[%clk 0:21:29]} Qd2 {[%clk 0:48:22]} 36. Rc2 {[%clk 0:19:32]} Qxe1+
{[%clk 0:48:43]} 37. Kg2 {[%clk 0:19:24]} Qxa5 {[%clk 0:49:02]} 38. Bxb7
{[%clk 0:18:07]} Bf5 {[%clk 0:49:00]} 39. Be4 {[%clk 0:18:18]} Be6
{[%clk 0:49:12]} 40. Qb7 {[%clk 0:18:35]} Qh5 {[%clk 0:49:23]} 41. h4
{[%clk 0:18:38]} Qd1 {[%clk 0:49:14]} 42. Qc7 {[%clk 0:16:50]} Qg4
{[%clk 0:49:21]} 43. f3 {[%clk 0:16:46]} Qh3+ {[%clk 0:49:41]} 0-1

[Event "V4 OPEN - International Championship of Slovakia 2
[Site "Banska Stiavnica"]
[Date "2013.07.06"]
[Round "1"]
[Board "12"]
[White "Bokros, Albert"]
[Black "Pesztericz, Laszlo"]
[Result "1-0"]
[WhiteElo "2439"]
[BlackElo "2132"]
[PlyCount "0"]
[EventDate "2013.07.06"]
[EventRounds "9"]
[EventCountry "SVK"]

1. e4 {[%clk 1:23:37]} e5 {[%clk 1:30:59]} 2. Nf3 {[%clk 1:23:56]} Nc6
{[%clk 1:31:22]} 3. Bb5 {[%clk 1:24:21]} a6 {[%clk 1:31:45]} 4. Ba4
{[%clk 1:24:45]} Nf6 {[%clk 1:32:08]} 5. O-O {[%clk 1:25:02]} Be7
{[%clk 1:32:34]} 6. d3 {[%clk 1:23:34]} b5 {[%clk 1:30:29]} 7. Bb3
{[%clk 1:24:00]} d6 {[%clk 1:30:41]} 8. a4 {[%clk 1:23:50]} Bb7 {[%clk 1:22:43]}
9. Nc3 {[%clk 1:18:45]} Nd4 {[%clk 1:20:43]} 10. Nxd4 {[%clk 1:14:08]} exd4
{[%clk 1:20:35]} 11. Ne2 {[%clk 1:14:34]} c5 {[%clk 1:20:44]} 12. Ng3
{[%clk 1:14:50]} O-O {[%clk 1:17:52]} 13. Nf5 {[%clk 1:09:39]} d5
{[%clk 0:43:56]} 14. exd5 {[%clk 0:57:23]} Nxd5 {[%clk 0:35:51]} 15. axb5
{[%clk 0:53:07]} axb5 {[%clk 0:35:40]} 16. Rxa8 {[%clk 0:53:29]} Bxa8
{[%clk 0:35:50]} 17. Qg4 {[%clk 0:49:14]} g6 {[%clk 0:34:08]} 18. h4
{[%clk 0:37:17]} Bf6 {[%clk 0:17:34]} 19. h5 {[%clk 0:32:55]} Qc8
{[%clk 0:10:05]} 20. Nh6+ {[%clk 0:28:36]} Kg7 {[%clk 0:09:58]} 21. Qg3
{[%clk 0:24:45]} Re8 {[%clk 0:05:23]} 22. Ng4 {[%clk 0:22:32]} Qf5
{[%clk 0:04:39]} 23. Bh6+ {[%clk 0:18:09]} Kh8 {[%clk 0:03:05]} 24. Ra1
{[%clk 0:13:58]} Bg7 {[%clk 0:01:55]} 25. Bxg7+ {[%clk 0:10:35]} Kxg7
{[%clk 0:02:23]} 26. h6+ {[%clk 0:10:04]} Kg8 {[%clk 0:02:06]} 27. Rxa8
{[%clk 0:05:19]} Rxa8 {[%clk 0:02:33]} 28. Bxd5 {[%clk 0:05:41]} Ra1+
{[%clk 0:00:54]} 29. Kh2 {[%clk 0:06:05]} Qh5+ {[%clk 0:01:21]} 30. Qh3
{[%clk 0:06:28]} Qxh3+ {[%clk 0:01:12]} 31. Kxh3 {[%clk 0:06:45]} Rc1
{[%clk 0:01:32]} 32. Bb3 {[%clk 0:04:01]} c4 {[%clk 0:01:44]} 33. dxc4
{[%clk 0:04:08]} bxc4 {[%clk 0:02:06]} 34. Bxc4 {[%clk 0:04:30]} Rxc2
{[%clk 0:02:28]} 35. b3 {[%clk 0:04:34]} d3 {[%clk 0:02:46]} 36. Ne3
{[%clk 0:02:57]} d2 {[%clk 0:01:48]} 37. Be2 {[%clk 0:03:13]} Rc3
{[%clk 0:01:42]} 38. b4 {[%clk 0:03:33]} f5 {[%clk 0:01:57]} 39. g3
{[%clk 0:03:17]} Kf7 {[%clk 0:01:57]} 40. Kg2 {[%clk 0:03:35]} Ke6
{[%clk 0:02:17]} 41. b5 {[%clk 0:02:17]} Ke5 {[%clk 0:02:39]} 42. b6
{[%clk 0:26:41]} Rb3 {[%clk 0:32:53]} 43. Nc4+ {[%clk 0:24:38]} Kf6
{[%clk 0:32:11]} 44. Nxd2 {[%clk 0:11:08]} Rxb6 {[%clk 0:32:23]} 45. Nf3
{[%clk 0:11:29]} g5 {[%clk 0:32:25]} 46. g4 {[%clk 0:10:57]} fxg4
{[%clk 0:26:50]} 47. Nh2 {[%clk 0:10:39]} Kf5 {[%clk 0:25:59]} 48. Nxg4
{[%clk 0:09:38]} Kf4 {[%clk 0:26:04]} 49. f3 {[%clk 0:06:18]} Rd6
{[%clk 0:22:41]} 50. Kf2 {[%clk 0:06:07]} Rb6 {[%clk 0:20:39]} 51. Kf1
{[%clk 0:03:27]} Rb1+ {[%clk 0:17:26]} 52. Kg2 {[%clk 0:03:36]} Rb2
{[%clk 0:17:28]} 53. Kf2 {[%clk 0:03:53]} Rb6 {[%clk 0:17:31]} 54. Bd1
{[%clk 0:03:56]} Rb2+ {[%clk 0:15:24]} 55. Ke1 {[%clk 0:04:18]} Kg3
{[%clk 0:13:40]} 56. Be2 {[%clk 0:03:30]} Kf4 {[%clk 0:13:15]} 57. Kd1
{[%clk 0:02:19]} Ra2 {[%clk 0:11:23]} 58. Bc4 {[%clk 0:01:51]} Ra7
{[%clk 0:09:00]} 59. Ke2 {[%clk 0:01:53]} Re7+ {[%clk 0:07:54]} 60. Kf2
{[%clk 0:01:56]} Rc7 {[%clk 0:07:50]} 61. Bd3 {[%clk 0:01:54]} Ra7
{[%clk 0:07:12]} 62. Be4 {[%clk 0:02:11]} Re7 {[%clk 0:04:04]} 63. Bd5
{[%clk 0:01:45]} Rd7 {[%clk 0:04:01]} 64. Bg8 {[%clk 0:01:03]} Rb7
{[%clk 0:04:13]} 65. Bd5 {[%clk 0:00:58]} Rd7 {[%clk 0:04:04]} 66. Be4
{[%clk 0:00:53]} Re7 {[%clk 0:04:20]} 67. Nf6 {[%clk 0:01:00]} Re6
{[%clk 0:04:03]} 68. Nd5+ {[%clk 0:00:46]} Ke5 {[%clk 0:04:25]} 69. Ne3
{[%clk 0:01:06]} Kf4 {[%clk 0:04:39]} 70. Ng2+ {[%clk 0:00:45]} Ke5
{[%clk 0:05:03]} 71. Bxh7 {[%clk 0:00:46]} Rxh6 {[%clk 0:05:19]} 72. Bg8
{[%clk 0:00:55]} Rb6 {[%clk 0:03:02]} 73. Kg3 {[%clk 0:01:18]} Rb4
{[%clk 0:02:51]} 74. Ne3 {[%clk 0:01:33]} Ra4 {[%clk 0:01:43]} 75. Bh7
{[%clk 0:01:25]} Kf6 {[%clk 0:01:57]} 76. Be4 {[%clk 0:01:42]} Ke5
{[%clk 0:01:16]} 77. Ng4+ {[%clk 0:01:50]} Kd6 {[%clk 0:01:38]} 78. Nf2
{[%clk 0:02:07]} Ke5 {[%clk 0:01:40]} 79. Kg4 {[%cl

[Event "V4 OPEN - International Championship of Slovakia 2
[Site "Banska Stiavnica"]
[Date "2013.07.06"]
[Round "1"]
[Board "13"]
[White "Lukac, Roman"]
[Black "Gledura, Benjamin"]
[Result "0-1"]
[WhiteElo "2126"]
[BlackElo "2421"]
[PlyCount "0"]
[EventDate "2013.07.06"]
[EventRounds "9"]
[EventCountry "SVK"]

1. e4 {[%clk 1:31:00]} c5 {[%clk 1:30:58]} 2. Nf3 {[%clk 1:31:06]} e6
{[%clk 1:31:07]} 3. d4 {[%clk 1:30:58]} cxd4 {[%clk 1:31:24]} 4. Nxd4
{[%clk 1:31:22]} Nc6 {[%clk 1:31:41]} 5. Nc3 {[%clk 1:30:47]} Qc7
{[%clk 1:31:58]} 6. Be3 {[%clk 1:28:07]} a6 {[%clk 1:32:01]} 7. Bd3
{[%clk 1:23:29]} Nf6 {[%clk 1:32:04]} 8. O-O {[%clk 1:12:50]} Ne5
{[%clk 1:32:01]} 9. h3 {[%clk 1:10:27]} Bc5 {[%clk 1:32:07]} 10. Qe2
{[%clk 1:06:26]} d6 {[%clk 1:25:35]} 11. f4 {[%clk 0:54:17]} Ng6 {[%clk 1:23:23]}
12. Nb3 {[%clk 0:43:25]} Bxe3+ {[%clk 1:19:09]} 13. Qxe3 {[%clk 0:40:13]} O-O
{[%clk 1:19:12]} 14. a4 {[%clk 0:37:43]} b6 {[%clk 1:15:58]} 15. Rf2
{[%clk 0:29:31]} Bb7 {[%clk 1:11:57]} 16. Raf1 {[%clk 0:27:37]} Rfe8
{[%clk 1:07:09]} 17. Qg3 {[%clk 0:20:46]} e5 {[%clk 1:01:27]} 18. fxe5
{[%clk 0:16:17]} Rxe5 {[%clk 0:59:46]} 19. Nd2 {[%clk 0:11:40]} Rae8
{[%clk 0:53:50]} 20. Nc4 {[%clk 0:08:57]} R5e6 {[%clk 0:54:01]} 21. Rxf6
{[%clk 0:06:34]} gxf6 {[%clk 0:52:25]} 22. Ne3 {[%clk 0:04:59]} Qc5
{[%clk 0:48:07]} 23. Kh1 {[%clk 0:04:04]} Kh8 {[%clk 0:46:00]} 24. Rf5
{[%clk 0:02:24]} Qb4 {[%clk 0:45:53]} 25. Ned5 {[%clk 0:01:44]} Bxd5
{[%clk 0:45:46]} 26. exd5 {[%clk 0:01:40]} Re1+ {[%clk 0:45:58]} 27. Kh2
{[%clk 0:02:09]} Qxb2 {[%clk 0:45:58]} 28. Rh5 {[%clk 0:01:20]} Qa1
{[%clk 0:42:10]} 29. Qf3 {[%clk 0:00:50]} Rh1+ {[%clk 0:39:39]} 30. Kg3
{[%clk 0:01:18]} Qe1+ {[%clk 0:39:52]} 31. Kg4 {[%clk 0:01:35]} Ne5+
{[%clk 0:40:09]} 32. Rxe5 {[%clk 0:01:50]} Rg8+ {[%clk 0:40:11]} 0-1

[Event "V4 OPEN - International Championship of Slovakia 2
[Site "Banska Stiavnica"]
[Date "2013.07.06"]
[Round "1"]
[Board "14"]
[White "Manik, Mikulas"]
[Black "Chlpik, Martin"]
[Result "1-0"]
[WhiteElo "2412"]
[BlackElo "2125"]
[PlyCount "0"]
[EventDate "2013.07.06"]
[EventRounds "9"]
[EventCountry "SVK"]

1. e4 {[%clk 1:28:27]} e6 {[%clk 1:30:23]} 2. d4 {[%clk 1:28:41]} d5
{[%clk 1:30:44]} 3. Nc3 {[%clk 1:28:50]} Bb4 {[%clk 1:30:21]} 4. e5
{[%clk 1:29:05]} c5 {[%clk 1:30:44]} 5. a3 {[%clk 1:29:17]} Bxc3+
{[%clk 1:31:10]} 6. bxc3 {[%clk 1:29:41]} Qa5 {[%clk 1:31:30]} 7. Bd2
{[%clk 1:29:53]} Qa4 {[%clk 1:31:58]} 8. Qg4 {[%clk 1:28:01]} Kf8
{[%clk 1:31:29]} 9. Nf3 {[%clk 1:27:23]} Qxc2 {[%clk 1:30:06]} 10. Rc1
{[%clk 1:23:25]} Qg6 {[%clk 1:27:10]} 11. Qxg6 {[%clk 1:20:52]} hxg6
{[%clk 1:27:14]} 12. c4 {[%clk 1:17:56]} Ne7 {[%clk 1:13:30]} 13. dxc5
{[%clk 0:49:52]} Nbc6 {[%clk 0:58:50]} 14. g3 {[%clk 0:47:43]} Rh5
{[%clk 0:53:18]} 15. g4 {[%clk 0:43:57]} Nxe5 {[%clk 0:53:02]} 16. gxh5
{[%clk 0:43:57]} Nxf3+ {[%clk 0:53:29]} 17. Kd1 {[%clk 0:26:43]} Nxd2
{[%clk 0:35:38]} 18. Kxd2 {[%clk 0:27:04]} gxh5 {[%clk 0:35:51]} 19. Be2
{[%clk 0:23:28]} g6 {[%clk 0:33:10]} 20. Rb1 {[%clk 0:22:32]} d4 {[%clk 0:18:20]}
21. Bf3 {[%clk 0:20:02]} e5 {[%clk 0:17:01]} 22. Rhe1 {[%clk 0:18:42]} f6
{[%clk 0:16:38]} 23. Bxb7 {[%clk 0:12:51]} Bxb7 {[%clk 0:17:00]} 24. Rxb7
{[%clk 0:13:16]} Rc8 {[%clk 0:17:22]} 25. Reb1 {[%clk 0:12:19]} Rxc5
{[%clk 0:17:07]} 26. Rxa7 {[%clk 0:12:32]} Nc6 {[%clk 0:16:54]} 27. Rc7
{[%clk 0:12:11]} Rxc4 {[%clk 0:12:09]} 28. Rb6 {[%clk 0:11:31]} 1-0

[Event "V4 OPEN - International Championship of Slovakia 2
[Site "Banska Stiavnica"]
[Date "2013.07.06"]
[Round "1"]
[Board "16"]
[White "Talla, Vladimir"]
[Black "Mondrzycki, Bartlomiej"]
[Result "1/2-1/2"]
[WhiteElo "2394"]
[BlackElo "2099"]
[PlyCount "0"]
[EventDate "2013.07.06"]
[EventRounds "9"]
[EventCountry "SVK"]

1. c4 {[%clk 1:30:57]} Nf6 {[%clk 1:30:18]} 2. g3 {[%clk 1:31:20]} e5
{[%clk 1:29:37]} 3. Bg2 {[%clk 1:31:42]} Nc6 {[%clk 1:28:04]} 4. Nc3
{[%clk 1:32:01]} Bb4 {[%clk 1:26:32]} 5. Nd5 {[%clk 1:32:25]} Bc5
{[%clk 1:22:41]} 6. e3 {[%clk 1:32:51]} d6 {[%clk 1:19:01]} 7. a3
{[%clk 1:31:27]} Nxd5 {[%clk 1:16:47]} 8. cxd5 {[%clk 1:31:51]} Ne7
{[%clk 1:16:53]} 9. Ne2 {[%clk 1:30:25]} O-O {[%clk 1:14:38]} 10. d4
{[%clk 1:29:55]} exd4 {[%clk 1:13:43]} 11. Nxd4 {[%clk 1:30:20]} Nf5
{[%clk 0:59:48]} 12. Ne2 {[%clk 1:30:14]} Qf6 {[%clk 0:48:25]} 13. O-O
{[%clk 1:30:23]} Re8 {[%clk 0:43:08]} 14. Qc2 {[%clk 1:29:14]} Bb6
{[%clk 0:33:50]} 15. Bd2 {[%clk 1:26:20]} Ne7 {[%clk 0:32:36]} 16. Bc3
{[%clk 1:23:28]} Qh6 {[%clk 0:30:10]} 17. Bd4 {[%clk 1:07:05]} Bg4
{[%clk 0:22:36]} 18. Bxb6 {[%clk 1:06:27]} axb6 {[%clk 0:21:48]} 19. Nd4
{[%clk 1:05:14]} Rac8 {[%clk 0:21:31]} 20. Qb3 {[%clk 0:50:40]} Bh3
{[%clk 0:20:16]} 21. Rfe1 {[%clk 0:40:56]} Bxg2 {[%clk 0:20:40]} 22. Kxg2
{[%clk 0:41:22]} Qg5 {[%clk 0:16:28]} 23. e4 {[%clk 0:40:44]} Ng6
{[%clk 0:16:40]} 24. Rad1 {[%clk 0:27:49]} h5 {[%clk 0:15:04]} 25. Qe3
{[%clk 0:23:31]} Qf6 {[%clk 0:12:13]} 26. h4 {[%clk 0:20:17]} Ne5
{[%clk 0:10:24]} 27. Qg5 {[%clk 0:20:29]} Qxg5 {[%clk 0:10:25]} 28. hxg5
{[%clk 0:20:57]} g6 {[%clk 0:07:39]} 29. Re2 {[%clk 0:17:53]} Nd7
{[%clk 0:06:52]} 30. Rc1 {[%clk 0:15:57]} Nc5 {[%clk 0:06:21]} 31. f3
{[%clk 0:13:54]} Re7 {[%clk 0:04:48]} 32. b4 {[%clk 0:08:07]} Nd3
{[%clk 0:04:59]} 33. Rc3 {[%clk 0:08:30]} Ne5 {[%clk 0:05:21]} 34. Rec2
{[%clk 0:08:46]} Rd7 {[%clk 0:03:25]} 35. Nb5 {[%clk 0:06:18]} c5
{[%clk 0:03:53]} 36. dxc6 {[%clk 0:05:45]} bxc6 {[%clk 0:02:11]} 37. f4
{[%clk 0:04:11]} Re8 {[%clk 0:01:56]} 38. Nd4 {[%clk 0:03:28]} c5
{[%clk 0:01:34]} 39. fxe5 {[%clk 0:02:17]} cxd4 {[%clk 0:02:01]} 40. Rc8
{[%clk 0:02:41]} Kf8 {[%clk 0:01:38]} 41. exd6 {[%clk 0:25:30]} Rxd6
{[%clk 0:32:15]} 42. Rxe8+ {[%clk 0:23:44]} Kxe8 {[%clk 0:32:43]} 43. Kf3
{[%clk 0:24:09]} f6 {[%clk 0:23:52]} 44. Kf4 {[%clk 0:23:05]} d3 {[%clk 0:14:49]}
45. Rd2 {[%clk 0:23:17]} fxg5+ {[%clk 0:15:14]} 46. Kxg5 {[%clk 0:23:05]} Kf7
{[%clk 0:15:39]} 47. b5 {[%clk 0:20:17]} Ke6 {[%clk 0:10:19]} 48. Kf4
{[%clk 0:16:16]} Rd4 {[%clk 0:09:23]} 49. Ke3 {[%clk 0:16:29]} Ke5
{[%clk 0:09:41]} 50. Rxd3 {[%clk 0:16:55]} Rxe4+ {[%clk 0:10:04]} 51. Kf3
{[%clk 0:17:22]} 1/2-1/2

[Event "V4 OPEN - International Championship of Slovakia 2
[Site "Banska Stiavnica"]
[Date "2013.07.06"]
[Round "1"]
[Board "17"]
[White "Mulenko, Alexander"]
[Black "Macak, Stefan"]
[Result "0-1"]
[WhiteElo "2098"]
[BlackElo "2374"]
[PlyCount "0"]
[EventDate "2013.07.06"]
[EventRounds "9"]
[EventCountry "SVK"]

1. d4 {[%clk 1:30:57]} Nf6 {[%clk 1:25:34]} 2. Nf3 {[%clk 1:31:21]} g6
{[%clk 1:25:37]} 3. c4 {[%clk 1:31:13]} Bg7 {[%clk 1:26:02]} 4. Nc3
{[%clk 1:31:39]} O-O {[%clk 1:26:19]} 5. e4 {[%clk 1:32:02]} d6 {[%clk 1:26:46]}
6. Be2 {[%clk 1:31:38]} Na6 {[%clk 1:26:56]} 7. h3 {[%clk 1:28:59]} e5
{[%clk 1:26:53]} 8. d5 {[%clk 1:27:44]} Nc5 {[%clk 1:26:26]} 9. Qc2
{[%clk 1:26:44]} a5 {[%clk 1:25:28]} 10. Bg5 {[%clk 1:26:36]} h6 {[%clk 1:24:30]}
11. Be3 {[%clk 1:26:41]} Nh5 {[%clk 1:23:28]} 12. Nd2 {[%clk 1:26:06]} Nf4
{[%clk 1:22:41]} 13. Bf1 {[%clk 1:25:52]} f5 {[%clk 1:20:32]} 14. g3
{[%clk 1:24:15]} Nh5 {[%clk 1:20:06]} 15. Be2 {[%clk 1:21:06]} f4
{[%clk 0:59:39]} 16. Bxc5 {[%clk 1:20:57]} dxc5 {[%clk 0:58:58]} 17. g4
{[%clk 1:15:43]} f3 {[%clk 0:47:22]} 18. Bxf3 {[%clk 1:14:55]} Nf4
{[%clk 0:47:26]} 19. O-O-O {[%clk 1:14:15]} Qh4 {[%clk 0:46:02]} 20. Rdf1
{[%clk 1:10:20]} h5 {[%clk 0:42:35]} 21. Bd1 {[%clk 1:08:52]} Nxh3
{[%clk 0:35:10]} 22. gxh5 {[%clk 1:06:52]} gxh5 {[%clk 0:34:52]} 23. Qd3
{[%clk 1:01:59]} Nxf2 {[%clk 0:15:38]} 24. Rxh4 {[%clk 1:02:09]} Nxd3+
{[%clk 0:15:59]} 25. Kc2 {[%clk 1:02:20]} Nf4 {[%clk 0:13:44]} 26. Bxh5
{[%clk 1:02:09]} Ra6 {[%clk 0:12:12]} 27. Bg4 {[%clk 0:54:28]} Ng6
{[%clk 0:09:34]} 28. Rxf8+ {[%clk 0:54:39]} Kxf8 {[%clk 0:05:36]} 29. Bxc8
{[%clk 0:54:53]} Nxh4 {[%clk 0:06:05]} 30. Bxb7 {[%clk 0:55:01]} Rg6
{[%clk 0:03:56]} 31. Nb5 {[%clk 0:53:39]} Bh6 {[%clk 0:02:33]} 32. Nb3
{[%clk 0:53:43]} Rg2+ {[%clk 0:02:35]} 33. Kc3 {[%clk 0:53:29]} Rg3+
{[%clk 0:01:42]} 34. Kc2 {[%clk 0:53:43]} Rg2+ {[%clk 0:00:58]} 35. Kc3
{[%clk 0:54:04]} Be3 {[%clk 0:01:09]} 36. Nxc7 {[%clk 0:54:15]} Bd4+
{[%clk 0:00:32]} 37. Nxd4 {[%clk 0:52:12]} exd4+ {[%clk 0:00:45]} 38. Kb3
{[%clk 0:51:24]} a4+ {[%clk 0:00:32]} 39. Kxa4 {[%clk 0:51:33]} d3
{[%clk 0:00:32]} 40. Ne6+ {[%clk 0:45:07]} Ke7 {[%clk 0:00:43]} 41. Kb3
{[%clk 0:44:28]} Nf3 {[%clk 0:16:07]} 42. e5 {[%clk 1:09:08]} Rf2
{[%clk 0:08:44]} 43. Nxc5 {[%clk 1:06:40]} Nd4+ {[%clk 0:08:00]} 44. Kc3
{[%clk 1:05:30]} d2 {[%clk 0:08:13]} 45. d6+ {[%clk 1:05:38]} Kf7
{[%clk 0:00:55]} 46. Bd5+ {[%clk 1:02:25]} Kg7 {[%clk 0:01:18]} 47. Kxd4
{[%clk 1:01:31]} d1=Q+ {[%clk 0:01:42]} 48. Nd3 {[%clk 1:01:22]} Rxb2
{[%clk 0:00:52]} 49. e6 {[%clk 0:59:50]} Rb8 {[%clk 0:00:35]} 50. d7
{[%clk 0:59:35]} Qg1+ {[%clk 0:00:51]} 51. Ke4 {[%clk 0:56:59]} Kf6
{[%clk 0:01:04]} 52. a4 {[%clk 0:56:28]} Rg8 {[%clk 0:01:03]} 53. a5
{[%clk 0:49:41]} Rg4+ {[%clk 0:00:45]} 54. Nf4 {[%clk 0:49:17]} Qe1+
{[%clk 0:00:32]} 55. Kd3 {[%clk 0:47:22]} Rg3+ {[%clk 0:00:37]} 0-1

[Event "V4 OPEN - International Championship of Slovakia 2
[Site "Banska Stiavnica"]
[Date "2013.07.06"]
[Round "1"]
[Board "18"]
[White "Repkova, Eva"]
[Black "Cech, Dominik"]
[Result "1-0"]
[WhiteElo "2374"]
[BlackElo "2094"]
[PlyCount "0"]
[EventDate "2013.07.06"]
[EventRounds "9"]
[EventCountry "SVK"]

1. e4 {[%clk 1:31:00]} c5 {[%clk 1:26:49]} 2. b3 {[%clk 1:30:54]} Nc6
{[%clk 1:26:50]} 3. Bb2 {[%clk 1:31:20]} Nf6 {[%clk 1:26:19]} 4. Nc3
{[%clk 1:30:18]} e6 {[%clk 1:25:55]} 5. f4 {[%clk 1:30:16]} d5 {[%clk 1:20:20]}
6. e5 {[%clk 1:29:50]} Nd7 {[%clk 1:20:08]} 7. Qg4 {[%clk 1:29:57]} f5
{[%clk 1:05:41]} 8. Qg3 {[%clk 1:28:45]} a6 {[%clk 0:58:02]} 9. Be2
{[%clk 1:28:56]} Nb6 {[%clk 0:56:06]} 10. Nh3 {[%clk 1:22:17]} Nb4
{[%clk 0:44:16]} 11. O-O-O {[%clk 1:19:09]} d4 {[%clk 0:37:20]} 12. Ng5
{[%clk 1:13:00]} N4d5 {[%clk 0:26:47]} 13. Nxd5 {[%clk 1:13:19]} Nxd5
{[%clk 0:27:09]} 14. Rhf1 {[%clk 1:03:21]} Ne7 {[%clk 0:22:11]} 15. c3
{[%clk 1:00:03]} g6 {[%clk 0:16:25]} 16. Bc4 {[%clk 0:58:56]} Qb6
{[%clk 0:15:18]} 17. cxd4 {[%clk 0:49:22]} cxd4 {[%clk 0:15:27]} 18. Qf2
{[%clk 0:49:14]} h6 {[%clk 0:12:53]} 19. Nf3 {[%clk 0:47:41]} Nc6
{[%clk 0:12:32]} 20. Nxd4 {[%clk 0:46:57]} Bc5 {[%clk 0:12:29]} 21. Qg3
{[%clk 0:47:23]} Bxd4 {[%clk 0:05:53]} 22. Qxg6+ {[%clk 0:47:39]} Kd8
{[%clk 0:06:20]} 23. Qf6+ {[%clk 0:46:39]} Kc7 {[%clk 0:06:41]} 24. Qxh8
{[%clk 0:46:22]} Bxb2+ {[%clk 0:06:26]} 25. Kxb2 {[%clk 0:46:51]} Qd4+
{[%clk 0:06:35]} 26. Kb1 {[%clk 0:44:53]} b5 {[%clk 0:03:42]} 27. d3
{[%clk 0:40:48]} bxc4 {[%clk 0:03:53]} 28. dxc4 {[%clk 0:41:17]} Qe4+
{[%clk 0:03:32]} 29. Ka1 {[%clk 0:41:43]} Bb7 {[%clk 0:03:10]} 30. Qg7+
{[%clk 0:40:50]} Kb6 {[%clk 0:03:10]} 31. Qg3 {[%clk 0:34:30]} Rd8
{[%clk 0:01:08]} 32. Rxd8 {[%clk 0:33:20]} Nxd8 {[%clk 0:01:37]} 33. Rd1
{[%clk 0:33:29]} Nc6 {[%clk 0:01:36]} 34. Qf2+ {[%clk 0:33:22]} Kc7
{[%clk 0:01:43]} 35. Qd2 {[%clk 0:33:39]} Kb8 {[%clk 0:01:14]} 36. Kb2
{[%clk 0:31:48]} Ka7 {[%clk 0:00:56]} 37. Kc3 {[%clk 0:30:06]} Nb8
{[%clk 0:00:58]} 38. Qf2+ {[%clk 0:26:54]} Ka8 {[%clk 0:01:20]} 39. g3
{[%clk 0:26:52]} Qc6 {[%clk 0:00:54]} 40. Rd6 {[%clk 0:26:04]} Qh1
{[%clk 0:00:47]} 41. Rxe6 {[%clk 0:20:50]} Qc1+ {[%clk 0:14:18]} 42. Kb4
{[%clk 0:49:34]} a5+ {[%clk 0:04:22]} 43. Kb5 {[%clk 0:42:59]} Bc8
{[%clk 0:01:56]} 44. Re7 {[%clk 0:37:11]} Bb7 {[%clk 0:00:42]} 45. Qc5
{[%clk 0:23:37]} Qc3 {[%clk 0:00:38]} 46. Kb6 1-0

[Event "V4 OPEN - International Championship of Slovakia 2
[Site "Banska Stiavnica"]
[Date "2013.07.06"]
[Round "1"]
[Board "19"]
[White "Popelka, Oldrich"]
[Black "Lanc, Alois"]
[Result "0-1"]
[WhiteElo "2094"]
[BlackElo "2369"]
[PlyCount "0"]
[EventDate "2013.07.06"]
[EventRounds "9"]
[EventCountry "SVK"]

1. c4 {[%clk 1:31:00]} e5 {[%clk 1:28:22]} 2. Nc3 {[%clk 1:31:24]} Nc6
{[%clk 1:28:30]} 3. g3 {[%clk 1:31:49]} g6 {[%clk 1:28:56]} 4. Bg2
{[%clk 1:32:15]} Bg7 {[%clk 1:29:25]} 5. e3 {[%clk 1:32:17]} d6 {[%clk 1:29:45]}
6. Nge2 {[%clk 1:32:38]} h5 {[%clk 1:30:12]} 7. h4 {[%clk 1:25:18]} Be6
{[%clk 1:29:26]} 8. Nd5 {[%clk 1:23:30]} Qd7 {[%clk 1:28:22]} 9. Qa4
{[%clk 1:18:50]} Rc8 {[%clk 1:15:20]} 10. Nec3 {[%clk 1:07:46]} f5
{[%clk 1:12:27]} 11. d3 {[%clk 1:05:14]} Nh6 {[%clk 1:03:52]} 12. Bd2
{[%clk 0:57:33]} O-O {[%clk 0:59:45]} 13. b4 {[%clk 0:42:06]} a6 {[%clk 0:54:58]}
14. b5 {[%clk 0:38:57]} axb5 {[%clk 0:54:59]} 15. cxb5 {[%clk 0:36:58]} Nd8
{[%clk 0:53:21]} 16. Rc1 {[%clk 0:34:43]} Kh7 {[%clk 0:50:30]} 17. O-O
{[%clk 0:34:44]} Bg8 {[%clk 0:44:23]} 18. Rc2 {[%clk 0:33:50]} Ne6
{[%clk 0:43:06]} 19. Ne2 {[%clk 0:26:26]} Nc5 {[%clk 0:36:42]} 20. Qa5
{[%clk 0:19:36]} b6 {[%clk 0:32:53]} 21. Qc3 {[%clk 0:19:58]} e4 {[%clk 0:31:14]}
0-1